01226cam a2200325 a 450000100090000000300040000900500170001300800410003001000170007101500190008801600180010702000350012502000380016002000400019802000430023803500230028103500200030404000280032405000250035208200150037724501170039226000480050930000820055750400660063965000330070570000300073870000210076870000280078985600830081714528799OSt20240327072916.0060831s2006 enkabf b 001 0 eng  a 2006029025 aGBA6392102bnb7 a0134431562Uk a1844073033 (pbk. : alk. paper) a9781844073030 (pbk. : alk. paper) a1844073025 (hardback. : alk. paper) a9781844073023 (hardback. : alk. paper) a(OCoLC)ocm71266461 a(OCoLC)71266461 aDLCcKMUdKMUbengeRDA00aS944.5.P78bM35 200600a333.7222200aManaging protected areas :ba global guide /cedited by Michael Lockwood, Graeme L. Worboys, and Ashish Kothari. aLondon ;aSterling, VA :bEarthscan,c2006. axxx, 802 p., [8] p. of plates :bill. (some col.), maps (some col.) ;c25 cm. aIncludes bibliographical references (p. [756]-793) and index. 0aProtected areasxManagement.1 aLockwood, Michael,d1955-1 aWorboys, Graeme.1 aKothari, Ashish,d1961-413Table of contents onlyuhttp://www.loc.gov/catdir/toc/ecip0620/2006029025.html